| 000 | 00565nam a2200169 a 4500 | ||
|---|---|---|---|
| 005 | 20210219160401.0 | ||
| 008 | 081028s1979 mx r 000 0 spa d | ||
| 035 | _aUPN01000164467 | ||
| 049 | _aUNE | ||
| 080 | _a371.62 CUR No.1. | ||
| 245 | 0 | 0 |
_aCurso OEA-CONESCAL 1979 : _bEl mantenimiento de la planta física educativa; área general. |
| 260 |
_aMéxico : _bCONESCAL; _aWashington, _bOEA, _c1979. |
||
| 300 |
_apág. irreg. ; _bfot. |
||
| 690 | _aEdificios educacionales- Mantenimiento | ||
| 690 | _aEscuelas- Mantenimiento de los edificios | ||
| 905 | _aUNESCO | ||
| 999 |
_c136579 _d136579 |
||